Statistiques concernant demon slayer

Cliquez ici pour prendre le quiz!

Statistiques générales

  • Ce quiz a été pris 737 fois
  • Le résultat moyen est 28 sur 74

Statistiques - réponses

aideréponse% Correct
héros et pourfendeur de démons (souffle de l'eau + danse du dieu du feu)tanjiro kamado
99%
sœur du héros + démonnezuko kamado
97%
pourfendeur de démons (souffle de la foudre)zen'itsu agatsuma
94%
pourfendeur de démons (souffle de la bête)inosuke hashibira
93%
pillier de la flammekyôjuro rengoku
88%
pillier de l'eaugiyu tomioka
86%
pillier du sontengen uzui
85%
pillier de l'insecteshinobu kocho
84%
maître des démonsmuzan kibutsuji
81%
pillier de l'amourmitsuri kanroji
78%
lune supérieureakaza
77%
pillier du serpentobanai iguro
73%
pillier du ventsanemi shinazugawa
73%
pourfendeuse de démons (souffle de la fleur)kanao tsuyuri
72%
pillier de la brumemuichirô tokitō
72%
pillier de la rochegyomei himejira
70%
lune supérieuredôma
65%
ancien pillier de la fleurkanae kocho
64%
lune supérieuredaki
62%
lune inférieurerui
60%
pourfendeur de démons (pouvoir sanguinaire)genya shinazugawa
59%
lune supérieurekokushibo
56%
lune supérieuregyûtarô
55%
ancien pillier de l'eausakonji urokodaki
54%
lune inférieureenmu
52%
chef de l'armée des pourfendeurs de démonskagaya ubuyashiki
52%
lune supérieurehantengu
41%
démontamayo
40%
domaine des papillonsaoi kanzaki
39%
lune supérieuregyokko
38%
lune supérieurenakime
34%
père du hérostanjuro kamado
34%
frère du pillier de la flammesenjuro rengoku
33%
ancien pillier de la flammeshinjuro rengoku
33%
lune supérieurekaigaku
31%
village des forgeronshotaru haganezuka
28%
ancien pillier de la foudrejigorô kuwajima
28%
sélection finalesabito
27%
pourfendeur de démonsmurata
26%
démonyushiro
25%
mère du héroskie kamado
23%
lune inférieurekyôgai
23%
épouse du chef de l'armée des pourfendeurs de démonsamane ubuyashiki
21%
sélection finalemakomo
20%
frère du hérosrokuta kamado
20%
épouse du pillier du sonsuma
20%
sœur du héroshanako kamado
18%
épouse du pillier du sonmakio
18%
démonsusamaru
18%
épouse du pillier du sonhinatsuru
16%
frère du hérostakeo kamado
16%
démonyahaba
16%
frère jumeau du pillier de la brumeyuichirô tokitō
16%
domaine des papillonssumi nakahara
14%
domaine des papillonsnaho takada
13%
frère du hérosshigeru kamado
13%
fille du chef de l'armée des pourfendeurs de démonskiriya ubuyashiki
12%
domaine des papillonskiyo terauchi
12%
mère du pillier de la flammeruka rengoku
12%
lune inférieuremukago
11%
lune inférieurerokuro
11%
lune inférieurekamanue
10%
lune inférieurewakuraba
10%
fille du chef de l'armée des pourfendeurs de démonskanata ubuyashiki
9%
fille du chef de l'armée des pourfendeurs de démonshinaki ubuyashiki
8%
village des forgeronskotetsu tetsuido
8%
maison aux tamboursteruko
8%
fille du chef de l'armée des pourfendeurs de démonsnichika ubuyashiki
7%
fille du chef de l'armée des pourfendeurs de démonskuina ubuyashiki
6%
village des forgeronskozo kanamori
5%
maison aux tamboursshoichi
4%
village des forgeronstecchin tecchikawahara
4%
maison aux tambourskiyoshi
3%
quartier des plaisirskoinatsu
3%

Distribution des résultats

Percentile par nombre de réponses

% des personnes avec chaque résultat

Votre développement - résultats

Vous n’avez pas pris ce quiz